[Event "GER-ch 70th"]
[Site "Bremen"]
[Date "1998.11.06"]
[Round "1"]
[White "Boensch, Uwe"]
[Black "Kargoll, Peter"]
[Result "1-0"]
[WhiteElo "2530"]
[BlackElo "2315"]
[Annotator "Tsesarsky,I"]
[PlyCount "102"]
[EventDate "1998.11.06"]
[EventType "swiss"]
[EventRounds "9"]
[EventCountry "GER"]
[SourceTitle "CBM 068"]
[Source "ChessBase"]
[SourceDate "1999.02.01"]
[SourceVersion "1"]
[SourceVersionDate "1999.02.01"]
[SourceQuality "1"]

{[%mdl 20512]} 1. d4 d5 2. c4 e6 3. Nc3 Nf6 4. cxd5 exd5 5. Bg5 Be7 6. e3 O-O
7. Bd3 b6 $4 $16 {[%mdl 8192]} 8. Bxf6 Bxf6 9. Qh5 g6 10. Qxd5 c6 11. Qxd8 Rxd8
12. Nge2 Na6 (12... Bb7 13. Be4 Na6 14. O-O Nb4 15. a3 Nd5 16. Nxd5 cxd5 17.
Bd3 Be7 18. Rac1 $18 {1-0 Sergienko,S-Khurtsilava,I/Decin op 1996 (48)}) 13.
Be4 (13. Rc1 Nb4 14. Be4 Ba6 15. Kd2 Bh4 (15... Bg7 16. a3 Nd5 17. Nxd5 cxd5
18. Bd3 $18) 16. g3 f5 17. Bb1 Bg5 18. a3 Nd5 19. Ba2 Rd7 20. h4 $18 {1-0 Toth,
B-Tabor,J/Kecskemet Toth Laszl 1972 (46)}) (13. O-O Nb4 14. Be4 Ba6 15. Rfd1
Rac8 16. Nf4 Bb7 17. Rac1 Re8 18. Bf3 Ba8 19. a3 Na6 20. b4 Nc7 21. Rc2 $18 {
1-0 Wesolowski,T-Kasperek,W/Myslenice-B 1987/EXT 87 (34)}) 13... Bd7 14. O-O
Rab8 (14... Rac8 15. Rfd1 Kg7 16. Rac1 Nc7 17. Nf4 Ne6 18. Nce2 $16 (18. Nxe6+
Bxe6 19. Bf3 c5 20. d5 Bd7 21. Be2 c4 22. Ne4 Bxb2 23. Rxc4 Rxc4 24. Bxc4 f5
25. Ng5 h6 26. Nf3 Rc8 27. Bb3 a5 $14 {0-1 Martz,W-Pfleger,H/Ybbs 1968 (40)}))
15. Rac1 (15. a3 c5 16. b4 Be6 (16... cxd4 17. exd4 Nc7 18. Rad1 $16) 17. Bd3
Bc8 18. Nb5 Bb7 19. bxc5 bxc5 20. Rac1 cxd4 (20... Rbc8 21. Rfd1 $18 {1-0
Mecking,H-Castro,O/Bogota 1968 (34)}) 21. Nexd4 Be7 22. Rfd1 $16) 15... Bg7 16.
Rfd1 (16. a3 Nc7 17. b4 (17. Nb1 c5 18. b4 Ne6 $14) 17... Ne6 18. Rfd1 a5 $16)
16... Kf8 17. h3 c5 18. Bd3 (18. dxc5 $142 $1 Nxc5 19. Bd5 b5 20. b3 (20. Nd4
b4 21. Ne4 Nxe4 22. Bxe4 $16) 20... Be8 21. Nf4 a5 22. Bf3 Na6 23. Rxd8 Rxd8
24. Ncd5 Be5 25. g3 $16 {1-0 Chiong,L-Sayson,A/FEBTC Open, Greenhills PHI 1997
(47)}) 18... Nb4 (18... cxd4 19. exd4 Nb4 20. Be4 f5 21. Bf3 Bh6 $16) 19. dxc5
(19. d5 Nxd3 20. Rxd3 f5 21. g3 $16) 19... Be6 (19... Bxh3 $142 20. Bc4 (20.
Bb5 Rxd1+ 21. Rxd1 Be6 22. cxb6 Rxb6 23. a3 Na2 $1 24. Rd8+ Ke7 25. Re8+ Kd6
26. a4 a6 27. Ne4+ Kc7 $132) 20... Bg4 21. a3 Rxd1+ 22. Rxd1 Bxc3 23. bxc3 Nc2
24. cxb6 axb6 25. a4 Na3 (25... Rc8 26. Bb5 Bxe2 27. Bxe2 Rxc3 28. Rd6 Ra3 29.
Bb5 Nb4 30. Rxb6 Nd5 31. Ra6 $16) 26. Ba6 Ra8 27. Rd4 Rxa6 28. Rxg4 b5 29. axb5
Nxb5 30. Rb4 $16) 20. Bb1 $6 $14 (20. Nf4 $1 Bxa2 21. c6 Bxc3 22. Rxc3 Rbc8 23.
c7 Rd7 24. Rdc1 Nxd3 25. Nxd3 Be6 26. Ne5 Rd5 27. Nf3 Ke8 28. Nd4 $16) 20...
bxc5 21. Nf4 (21. Rxd8+ $5 Rxd8 22. Nf4 (22. a3 Rd2 23. Nf4 (23. axb4 cxb4 24.
Nd4 Bxd4 25. exd4 bxc3 26. bxc3 a5 $44) 23... Bxc3 24. Rxc3 Rd1+ 25. Kh2 Rxb1
26. axb4 cxb4 27. Nxe6+ fxe6 28. Rc8+ Ke7 29. Rc7+ Kf6 30. Rxa7 Rxb2 31. Kg3 h5
$11) 22... Rd2 23. Ne4 Bxb2 24. Nxd2 Bxc1 25. Nxe6+ fxe6 26. Nb3 Ba3 27. Nxc5
Ke7 28. Ne4 $14) 21... Rxd1+ 22. Nxd1 Bxa2 (22... Rd8 $5 23. Nxe6+ (23. a3 Bb3
24. axb4 Rxd1+ 25. Rxd1 Bxd1 26. bxc5 Bxb2 $14) 23... fxe6 24. Kf1 Rd2 (24...
Ke7 25. Ke2 $16) 25. Ke1 $16) 23. Bxa2 Nxa2 (23... g5 $6 24. Bb1 (24. Nd5 Nxa2
25. Rxc5 $16) 24... gxf4 25. exf4 Rd8 26. Bxh7 Rd2 27. Kf1 a5 28. Ke1 Rd5 29.
g4 $18) 24. Rxc5 Rd8 (24... a6 25. Kf1 (25. Ra5 Nb4 26. Kf1 $16) 25... h5 (
25... Bxb2 26. Rc2 $18) 26. Rc4 $16) 25. Nc3 Nxc3 (25... Bxc3 26. bxc3 Rd1+ 27.
Kh2 Rc1 28. Nd5 $16) 26. bxc3 Ra8 $6 (26... Rd1+ $142 27. Kh2 Ra1 28. Nd5 Ke8
29. Kg3 a5 $44) 27. Nd5 a5 28. Nb6 $5 Ra6 (28... Rb8 $2 29. Nd7+ $18) 29. Na4
Ke8 (29... Ke7 30. Rc7+ Ke8 31. Kf1 Be5 32. Rc4 Ke7 33. f4 Bd6 34. Ke2 $16) 30.
Kf1 Kd7 31. Ke2 Rc6 32. Rxa5 Bxc3 33. Nc5+ (33. Nxc3 Rxc3 34. Re5 Rc2+ 35. Kf3
Kd6 36. Re8 Kd7 $11) 33... Kc7 $6 (33... Kd6 $142 34. Ne4+ Ke6 35. Ng5+ (35.
Ra7 h6 36. Kd3 Be5 $14) 35... Kf6 36. Rb5 (36. Nxh7+ Kg7 37. Ra7 Kxh7 38. Rxf7+
$11) 36... h6 37. Ne4+ $14) 34. Rb5 Bb4 $4 $18 {The last mistake. Kc7 will be
too far from the king side!/} (34... Be5 $1 $14) (34... Kd6 35. Ne4+ Ke6 (35...
Kc7 36. Nxc3 Rxc3 37. Rd5 $18 {[%csl Rc7][%cal Gd8d6]}) 36. Ng5+ $18 {[%csl
Rh7]}) 35. Rxb4 Rxc5 36. Rd4 $1 {[%csl Rc7][%cal Gd4d8]} Rf5 37. g4 Re5 38. f4
Ra5 39. Rd2 (39. Kf3 $18) 39... h6 (39... h5 40. g5 $18 {[%csl Rc7,Rf7][%cal
Ge2f3,Gf3e4,Ge4e5,Ge5f6]}) 40. Kf3 f6 41. h4 Ra8 (41... Rb5 42. Ke4 f5+ 43.
gxf5 gxf5+ (43... Rxf5 44. Rd5 $18) 44. Kf3 Rb1 (44... Ra5 45. h5 (45. Rg2 Ra6)
45... Ra8 46. Rd5 Rf8 47. Ra5 Kb6 48. Re5 Rf6 49. e4 fxe4+ 50. Kxe4 Kc7 51. Rd5
$18) 45. Rd5 $18) 42. h5 gxh5 43. gxh5 Ra5 44. Kg4 Rb5 45. e4 Ra5 46. Rd5 Ra1
47. Kf5 Rf1 48. Rd2 (48. Kxf6 Rxf4+ 49. Kg6 Rxe4 50. Kxh6 Kc6 51. Rd8 Rg4 52.
Kh7 Kc7 53. Rd1 Rg2 54. h6 Rg3 55. Kh8 Rg2 56. h7 Rg3 57. Ra1 Kd7 58. Ra8 Ke7
59. Rg8 $18) 48... Rf3 49. Rg2 Kd7 50. Rg6 Ke7 51. Rxh6 Kf7 1-0

[Event "North Sea Cup 16th"]
[Site "Esbjerg"]
[Date "2001.07.10"]
[Round "5"]
[White "Schandorff, Lars"]
[Black "Speelman, Jonathan S"]
[Result "1/2-1/2"]
[WhiteElo "2551"]
[BlackElo "2603"]
[Annotator "Tsesarsky,I"]
[PlyCount "59"]
[EventDate "2001.07.06"]
[EventType "tourn"]
[EventRounds "9"]
[EventCountry "DEN"]
[EventCategory "14"]
[SourceTitle "CBM 085"]
[Source "ChessBase"]
[SourceDate "2001.11.13"]
[SourceVersion "1"]
[SourceVersionDate "2001.11.13"]
[SourceQuality "1"]

1. d4 Nf6 2. c4 e6 3. Nf3 d5 4. Nc3 Nbd7 5. Bg5 Be7 6. e3 O-O 7. cxd5 exd5 8.
Qc2 Re8 ({As practice shows, White keeps slight advantage in another
variations:} 8... h6 9. Bf4 c5 (9... Nb6 10. Bd3 Be6 11. h3 Rc8 12. O-O c5 13.
dxc5 Bxc5 14. Rfd1 $14 {[%csl Rd5] 1-0 Rogers,I-Efimov,I/Saint Vincent ITA
2001/The Week in Chess 327 (31)}) 10. dxc5 (10. Rd1 Qa5 11. Be2 Ne4 12. O-O
Nxc3 13. bxc3 Nf6 14. Nd2 Bd7 15. Qb2 Qb6 $11 {1-0 Bischoff,K-Glienke,M/Bad
Neuenahr 1984/EXT 99 (53)}) 10... Nxc5 11. Be2 $14 {[%csl Rd5]}) (8... b6 9.
Bd3 h6 10. Bf4 c6 11. h3 Bb7 12. O-O Rc8 13. Rfd1 Re8 14. Rac1 c5 15. Bf5 cxd4
16. Nxd4 $14 {[%csl Rd5] 1-0 Mantovani,R-Greco,V/Lombardia 1991/EXT 97 (48)})
9. Bd3 Nf8 ({In case of} 9... h6 {White keeps slight advantage:} 10. Bh4 (10.
Bf4 $5) 10... c5 11. dxc5 Nxc5 12. Bb5 Bd7 13. Bxd7 (13. O-O Rc8 14. Qe2 Bxb5
15. Nxb5 a6 16. Nbd4 Qb6 (16... Nce4 17. Nf5 Bf8 18. Rfd1 g5 19. Bg3 Nh5 $14)
17. Rfd1 Na4 18. Nb3 g5 (18... Rc4 19. Bxf6 Bxf6 20. Rxd5 $16 {1-0 Heuser,
P-Wiederhold,O/Leipzig 1995/Juniors (35)}) 19. Bg3 Nc5 20. Nbd4 $14) 13...
Ncxd7 (13... Qxd7 14. Rd1 {[%csl Rd5,Rf6][%cal Gd1d5,Gc3d5,Gh4f6]} g5 15. Bg3
$14)) 10. O-O Nh5 (10... c6 {-wellknown Carlsbad theoretical variation.}) 11.
Bxe7 Rxe7 {Black had to recapture with the R - result of Pc7 instead of Pc6.
Pd5 remains unprotected in case of} (11... Qxe7 $4 {[%csl Rd5]} 12. Nxd5 $18)
12. b4 Ng6 $5 ({Black doesn't want to play} 12... c6 {that would lead to noted
above Carlsbad variation:} 13. Ne5 Nf6 14. Rfe1 Ne8 15. Rac1 $14 {1-0
Lilienthal,A-Lundin,E/Saltsjobaden 1948/IZT (50)}) 13. Rfc1 ({Or} 13. h3 $14)
13... Bg4 14. Bxg6 $6 $132 {Strategical mistake. light-squares B is too strong
for simple change for N.} ({Can be recommended} 14. Nd2 $5 Nf6 ({Or} 14... c6
15. b5 $14 {with standard minority attack.}) 15. h3 $14) ({Dubious is.} 14. Ne5
$6 Nxe5 15. dxe5 Rxe5 16. Bxh7+ Kh8 17. Bd3 c6 $132) 14... hxg6 15. Ne5 Bf5 16.
Qb3 Nf6 ({Here also Black doesn't play} 16... c6 $6 17. b5 $14 {[%csl Rc6]})
17. b5 Re6 (17... Qd6 $11) 18. a4 a5 19. f3 (19. bxa6 Rb6 20. Qa3 Rbxa6 $132)
19... g5 20. Ne2 Re7 21. Rc5 Qd6 22. Rac1 Rd8 23. Ng3 Bh7 24. Qc3 {[%csl Rc7]
[%cal Gc1c7] White concentrated 3 pieces on the half-open line "c" in order to
attack Pc7, but Black protects it very easily.} Ne8 {[%cal Ge8c7]} 25. Qd2 f6
26. Nd3 Qe6 27. Kf2 Qf7 28. Nb2 b6 29. Rc6 ({It was possible to try to fulfill
interesting plan, connected with manoeuvre Rc1-h1 and h2-h4 promotion. This
plan is not really dangerous, but makes for Black some problems, for instance:
} 29. R5c3 Nd6 30. Rh1 Qe6 (30... Rde8 31. h4 gxh4 32. Rxh4 Bg6 33. Qc1 Bh7 34.
Qh1 Qg6 35. Rh5 Qb1 36. Qxb1 Bxb1 37. Rxd5 g6 {[%csl Rd5]} 38. Rc6 Nf5 39. Nxf5
Bxf5 40. Rxf6 Rxe3 41. g4 Re2+ 42. Kg3 Bb1 43. Nd1 $16) 31. h4 g4 32. h5 Nf7
33. Nd3 Nh6 34. Nf4 Qf7 35. Rhc1 $14) 29... Rd6 30. h3 1/2-1/2

[Event "Escaldes zt"]
[Site "Escaldes"]
[Date "1998.11.08"]
[Round "3"]
[White "Garcia Paolicchi, Raul"]
[Black "San Segundo Carrillo, Pablo"]
[Result "0-1"]
[WhiteElo "2340"]
[BlackElo "2490"]
[Annotator "Tsesarsky,I"]
[PlyCount "48"]
[EventDate "1998.11.06"]
[EventType "swiss"]
[EventRounds "9"]
[EventCountry "AND"]
[SourceTitle "CBM 068"]
[Source "ChessBase"]
[SourceDate "1999.02.01"]
[SourceVersion "1"]
[SourceVersionDate "1999.02.01"]
[SourceQuality "1"]

{[%mdl 16432]} 1. d4 d5 2. Nf3 Nf6 3. c4 c6 4. Nc3 e6 5. cxd5 exd5 6. Bg5 h6 7.
Bh4 Bf5 8. Qb3 (8. e3 Qb6 9. Qc1 Nbd7 $11 (9... Ne4 $11)) (8. Bxf6 $6 Qxf6 9.
Qb3 Nd7 $1 10. e3 (10. Qxb7 Rb8 11. Qxa7 Rxb2 12. a3 $1 (12. Rc1 Bb4 13. Qa8+
Qd8 14. Qxc6 O-O $17) 12... Bd6 13. e3 (13. Nd1 Rb8 14. e3 O-O 15. Qa5 Ra8 16.
Qc3 Rfb8 17. Nd2 (17. Bd3 $2 Rxa3 $1 18. Rxa3 Bb4 $17) 17... c5 18. Be2 cxd4
19. exd4 Rc8 20. Qf3 Ra4 $15) (13. Ra2 Rxa2 14. Nxa2 O-O 15. e3 Rb8 16. Nd2 Qe7
$44) 13... O-O 14. Be2 Rbb8 15. Qa4 Ra8 16. Qd1 Bxa3 17. O-O Bb2 18. Rxa8 Rxa8
19. Qd2 $11) 10... Rb8 11. Be2 Bd6 12. O-O O-O 13. a3 Rfe8 $15 {0-1 Tsesarsky,
I-Zoler,D/Rishon-Le-Zion 1991 (38)}) 8... Nbd7 (8... Qb6 9. Qxb6 (9. Bxf6 Qxb3
10. axb3 gxf6 11. Kd2 Rg8 12. e3 Bb4 13. Nh4 Be6 14. Bd3 (14. g3 Nd7 15. Bd3 a5
16. Ke2 Nb6 {1/2-1/2 Alvarez,J-Leyva,H/Capablanca B Cienfuegos City CUB 1996 
(16)}) 14... Nd7 15. Ke2 a6 16. Rhc1 Ke7 17. g3 Rae8 18. Nf5+ Bxf5 19. Bxf5 Nf8
20. Nxd5+ cxd5 21. Rc7+ Kd6 22. Rxb7 a5 23. Rxf7 $14 {1/2-1/2 Moingt,J-Dubois/
Paris tt 1993 (46)}) 9... axb6 10. Bxf6 gxf6 11. e3 b5 12. Kd2 b4 13. Nd1 Bd6
14. Nh4 Bd7 15. Bd3 b6 16. Nf5 Bf8 17. Re1 Rg8 18. g3 (18. e4 Rxg2 19. exd5+
Kd8 $15 {0-1 Dake,A-Rudolph,R/USA-op 1987/EXT 87op (53)}) 18... Kd8 $132) (8...
g5 9. Bg3 (9. Qxb7 $2 gxh4 10. Qxa8 Qb6 11. a3 Qxb2 12. Nd1 Qxa1 $2 (12... Qb6
13. Ra2 Bd6 14. Rb2 Qa5+ 15. Nd2 O-O 16. g3 Ne4 (16... Bxa3 17. Qb7 (17. Ra2
Ne4 $19) 17... Ne4 18. Qb3 Bxb2 19. Qxb2 Nd7 $17) 17. Bg2 Bxa3 18. Bxe4 Bxb2
19. Bxf5 Bc1 20. O-O Bxd2 $17) 13. Qxb8+ Ke7 14. Qxa7+ $18) 9... Qb6 10. e3 (
10. h4 g4 11. Nd2 Nbd7 12. h5 Qxb3 13. Nxb3 (13. axb3) 13... a5 14. a3 Rg8 15.
Bf4 b5 16. f3 $132 {0-1 Baburin,A-Gausel,E/Skei ,CBM 1993/[Tisdall] (45)}) (10.
Qxb6 axb6 11. Be5 (11. h4 g4 12. Ne5 Nbd7 {1/2-1/2 Urban,K-Kuczynski,R/ch-POL,
Warsaw POL 1997 (12)}) (11. a3 Nbd7 12. e3 b5 13. Rc1 b4 14. axb4 Bxb4 15. Nd2
O-O 16. Be2 Bxc3 17. bxc3 Ra2 18. c4 Rfa8 19. cxd5 cxd5 20. Nb1 (20. h4 $132)
20... Rb2 21. Nc3 Rc8 22. Bd6 $132 (22. f3 $2 b5 $17 {0-1 Bokelmann,J-Gausel,E/
Gausdal NOR 1998 (26)})) 11... Nbd7 12. a3 Nxe5 13. dxe5 Nd7 14. Nd4 Bg6 15. e4
dxe4 16. e6 Ne5 17. O-O-O f6 $17 {0-1 Ho Cheng,V-Ahmad,N/ASIA-chT MAC-ASN 1995
(24)}) (10. Nd2 Nbd7 11. e3 Nh5 12. Be2 Nxg3 13. hxg3 Bg7 (13... O-O-O 14. Rc1
Kb8 15. a3 Bd6 16. Qa2 $132 {0-1 Trikaliotis,G-Luther,T/Ano Liosia 1997 (36)})
14. Rc1 O-O 15. Na4 Qxb3 16. Nxb3 Rac8 17. O-O Rfe8 18. g4 Bg6 19. Nac5 $132 {
1/2-1/2 Liang Chong-Fressinet,L/Cala Galdana 1996 (28)}) 10... Nbd7 (10... Na6
11. Be5 Be7 12. Qxb6 (12. h4 $6 Rg8 (12... Qxb3 13. axb3 Nb4 14. Rc1 (14. hxg5
Nc2+ 15. Kd1 Nxa1 16. gxf6 Bb4 (16... Bf8 17. Nd2 Kd7 $17) 17. Nd2 Kd7 $17)
14... g4 15. Nd2 Bd3 $15) (12... g4 13. Nd2 $11) 13. hxg5 hxg5 14. Qxb6 axb6
$132) 12... axb6 13. h4 g4 (13... Rg8 14. hxg5 hxg5 15. Bxf6 Bxf6 16. Kd2 b5
17. Bd3 Be6 18. Rh6 Bg7 19. Rh7 $14) 14. Ng1 b5 (14... Rg8 15. Nge2 Nh5 (15...
Nb4 16. Ng3 Nd3+ (16... Nc2+ 17. Kd2 Nxa1 18. Nxf5 b5 19. Bxf6 Bxf6 20. Bxb5
cxb5 21. Rxa1 $16) 17. Bxd3 Bxd3 $11) 16. Nf4 f6 (16... Nxf4 17. Bxf4 $11) 17.
Nxh5 fxe5 18. Bxa6 bxa6 19. dxe5 Kf7 $44) (14... Nb4 15. Kd2 Rg8 16. a3 b5 17.
Rc1 Na6 $132) 15. Nge2 Nb4 16. Kd2 Nd3 17. Ng3 Nxe5 (17... Nxf2 18. Nxf5 Nxh1
19. Nxd5 cxd5 20. Bxb5+ Kf8 (20... Kd8 21. Rc1 Ne4+ 22. Kd1 Nhf2+ 23. Ke2 $132)
21. Rxh1 Rxa2 $132) 18. Nxf5 Nc4+ 19. Bxc4 bxc4 $132 {1/2-1/2 Beliavsky,
A-Shirov,A/Biel 1992/Inf 55 (52)}) (10... Qxb3 11. axb3 Nbd7 12. Be2 $132) 11.
Be2 (11. h4 g4 12. Ne5 Nh5 13. Bh2 g3 14. Nxd7 gxf2+ (14... Kxd7 15. Be2 gxf2+
16. Kxf2 Nf6 $11 {1/2-1/2 Stoeber,M-Wilson,J/Hastings Challengers 1995 (31)})
15. Kxf2 Qxb3 16. axb3 Kxd7 $15) 11... Ne4 12. Nd2 Qxb3 13. axb3 Bb4 14. Ndxe4
Bxe4 15. f3 Bc2 16. Bd1 Bxd1 17. Kxd1 f5 18. h4 g4 19. fxg4 fxg4 20. Rf1 $132 {
1/2-1/2 Stankovic,D-Karaklajic,N/YUG Cup Svetozarevo ,EXT 1990 (47)}) 9. e3 (9.
Qxb7 Rb8 10. Qxc6 Rxb2 11. Bxf6 gxf6 12. e4 dxe4 13. Nh4 Rb6 14. Qc4 Be6 15. d5
Ne5 16. Qa4+ Bd7 17. Qxe4 Bb4 18. Rc1 O-O 19. Be2 Re8 20. Qc2 f5 $44 {0-1
Schulte,O-Simon,R/BL 1988 (34)}) (9. Ne5 Qb6 10. Nxd7 Nxd7 11. O-O-O Qxb3 12.
axb3 g5 13. Bg3 Bg7 14. Bd6 Nf8 15. e3 Ne6 16. b4 Rd8 17. Bg3 O-O 18. h4 $132 {
0-1 Cacho Reigadas,S-Zoler,D/Rotterdam NED 1998 (62)}) 9... Qb6 10. Nd2 (10.
Qxb6 axb6 11. Kd2 b5 12. Bd3 Bxd3 13. Kxd3 b4 14. Ne2 Be7 15. Bxf6 Nxf6 16. Ng3
g6 17. Ne5 O-O 18. Kc2 h5 19. Rhe1 Bd6 20. Nd3 $11 {0-1 Dremin,D-Kozirev,A/RUS
1996/Inf 01 (51)}) 10... Bd6 (10... Qxb3 11. Nxb3 $11) 11. Be2 O-O 12. Rc1 Rae8
(12... Rfe8 $11) 13. Qxb6 $6 (13. O-O Ne4 14. Ndxe4 Bxe4 15. Qxb6 axb6 16. Nxe4
Rxe4 17. Bg3 Bxg3 18. hxg3 b5 19. a3 $11) 13... axb6 14. a4 $6 $15 {[%csl Ra4,
Rb4]} (14. Bg3 $11) 14... Bb4 15. O-O Re6 $6 $132 (15... Ra8 16. Bd1 (16. Ra1
Bc2 (16... Ra7 17. Ra2 Rfa8 18. Rfa1 b5 19. Bd1 Bd3 20. Bb3 bxa4 21. Rxa4 Rxa4
22. Rxa4 $11) 17. Ra2 Bxc3 18. bxc3 Bxa4 19. Rfa1 b5 20. Bd1 Nb6 21. Bf3 (21.
Bxf6 gxf6 22. Bg4 Bc2 (22... Ra6 23. Bf5 Rfa8 24. g4 Nc4 25. Nxc4 bxc4 $17) 23.
Rxa8 Rxa8 24. Rxa8+ Nxa8 25. Bc8 Nb6 26. Bxb7 Na4 27. Bxc6 Nxc3 $17) 21... Bc2
22. Bxf6 gxf6 23. Ra7 Rxa7 24. Rxa7 Ra8 $17) 16... Bd3 17. Re1 Rfe8 $15) 16.
Nf3 $6 $15 (16. Ra1 Ra8 17. Rfc1 Ree8 $132) 16... Ra8 17. Ra1 Ree8 18. Bxf6 (
18. Rfc1 $5 Ra5 19. b3 b5 20. Bg3 Bxc3 21. Rxc3 Ne4 22. Rcc1 Nxg3 23. hxg3 bxa4
24. Rxa4 Rxa4 25. bxa4 Ra8 26. Ra1 Ra5 (26... Nb6 27. a5 Nc4 28. Bxc4 dxc4 29.
Kf1 c3 30. Ke2 f6 31. Ra3 Be4 32. Rxc3 Rxa5 33. Rb3 Ra2+ 34. Nd2 b5 35. f3 Bd5
36. Rc3 b4 37. Rc5 Ra6 38. e4 Bf7 39. Kd3 Kf8 40. Rc2 Ke7 $15) 27. Bd1 Nb6 28.
Nd2 (28. Kf1 Bd3+ 29. Ke1 Bb5 30. Kd2 Bxa4 $17) 28... Bd3 29. Nb1 Nc4 30. Nc3
Kf8 31. Bb3 $15) 18... Nxf6 19. Ne5 (19. Rfc1 Ra5 20. Ne5 Rea8 21. Bd1 b5 22.
b3 Bd6 $17) 19... Ra5 20. Bd3 $2 $17 (20. Rfc1 Rea8 21. b3 (21. Bd1 b5 22. b3)
21... b5 22. Bd1 Bd6 23. Ne2 bxa4 24. Rxa4 (24. bxa4 $15) 24... Rxa4 25. bxa4
$15) (20. Nd3 $2 Bxc3 21. bxc3 Rea8 22. Nb2 b5 23. Bd1 Ne4 24. Ra3 bxa4 25.
Rxa4 Nxc3 $19) 20... Bxd3 $2 $11 (20... Rxe5 $1 21. dxe5 Bxd3 22. exf6 (22.
Rfd1 Bxc3 23. bxc3 Be2 24. Re1 Ne4 25. Rxe2 Nxc3 26. Rc2 Nxa4 27. Rca2 b5 $17)
22... Bxf1 23. Kxf1 Bxc3 24. bxc3 b5 $19) 21. Nxd3 Bxc3 22. bxc3 Ne4 23. Rfc1
$6 (23. Rfb1 Ra6 24. Nb4 Ra7 (24... Nxc3 25. Nxa6 Nxb1 26. Rxb1 bxa6 27. Rxb6
$16) 25. Nd3 Rea8 26. Rxb6 Rxa4 27. Rxa4 Rxa4 28. g4 Ra7 $11) 23... Nd2 24. Nb2
$4 $19 (24. Ra2 Nc4 25. Nb2 $2 (25. Rca1 Rea8 26. Nb4 Kf8 (26... Nd6 27. f3 f5
28. Kf2 $15) 27. Kf1 Ke7 28. Ke2 Kd6 29. Kd3 f5 (29... c5 $2 30. Nxd5 $14) 30.
Kc2 (30. f3 Re8 31. Re1 Rxa4 32. Rxa4 Nb2+ $17) 30... g5 31. Kb3 $15) 25... b5
26. Nxc4 dxc4 27. Rb1 Rea8 28. Kf1 Rxa4 29. Rxa4 Rxa4 $19) 24... Nb3 0-1